000 00264nam a2200109Ia 4500
008 220204s9999 xx 000 0 und d
082 _aNR:63PM
_bRRM.8
245 0 _aBudgrafting
260 _aMalaysia
_bRRIM
_c1939
490 _a RRIM Planting manual.8
942 _cBK
999 _c21701
_d21701